Statistics for City Names by Every Other Letter 4

Click here to take the quiz!

General Stats

  • This quiz has been taken 14 times
  • The average score is 11 of 16

Answer Stats

HintAnswer% Correct
J_M_S_O_N_A_E_T_W_
92%
B_S_E_E_R__A_S_T_R_E
92%
A_A_S_O_N_D_M_T_W_
92%
P_I_I_S_U_G_H_L_P_B_R_
83%
C_C_B_R_T_W__O_K_U_N_O_N
83%
G_O_G_T_W__E_R_E_O_N
75%
P_N_A_E_G_D__O_T_D_L_A_A
75%
H_L_T_E_H_L_O__A_F_R_E_O_L_W
67%
M_R_E_A_N_A_I_H_M_
67%
S_N_I_O_A_S_A_N_C_L_A_
67%
S_I_T_I_R_E_A_N_P_E_R_
67%
F_Y_N_F_S_C_V__L_I_G_I_H_O_E
67%
C_A_L_T_E_M_L_E_H_R_O_T_A_A_I_
58%
W_L_E_S_A__I_L_M_T_D
50%
K_A_E_D_J__R_L_N_I_K
50%
D_E_O_A_C_A_I_G_G_R_I_
33%

Score Distribution

Percentile by Number Answered

Percent of People with Each Score

Your Score History

You have not taken this quiz